000 00774nam a2200253Ia 4500
003 GCL
008 140319s9999 xx 000 0 ara d
040 _aGCL /
_cGCL
082 0 4 _a330.9
_bع ا
100 1 _aحازم الببلاوى
245 1 0 _aاصول الاقتصاد السياسى /
_cحازم الببلاوى
260 _a[S.N] :
_bمنشاة المعارف الاسلامية ،
_c1985
300 _a758 ص
490 _aالكتب المالية والاقتصادية
_v0
650 0 4 _aالاقتصاد
650 0 4 _aالسياسة
650 0 4 _aالنظم الاقتصادية
650 0 4 _aنظريات
650 0 4 _aراس المال
650 0 4 _aالطبيعة
650 0 4 _aالانتاج
650 0 4 _aالموارد
942 _2ddc
_cBK
999 _c32524
_d32524